21 වන සියවස කරා ඉදිරියට : (Record no. 4460)
[ view plain ]
| 000 -LEADER | |
|---|---|
| fixed length control field | 00825nam a22001697a 4500 |
| 003 - CONTROL NUMBER IDENTIFIER | |
| control field | LK-CoMWRAF |
| 005 - DATE AND TIME OF LATEST TRANSACTION | |
| control field | 20240119213927.0 |
| 008 - FIXED-LENGTH DATA ELEMENTS--GENERAL INFORMATION | |
| fixed length control field | 231214b |||||||| |||| 00| 0 eng d |
| 040 ## - CATALOGING SOURCE | |
| Original cataloging agency | LK-CoMWRAF |
| Modifying agency | LK-CoMWRAF |
| Description conventions | LK-CoMWRAF |
| 041 ## - LANGUAGE CODE | |
| Language code of text/sound track or separate title | Sinhala; Sinhalese |
| 082 ## - DEWEY DECIMAL CLASSIFICATION NUMBER | |
| Classification number | 305.42 |
| Item number | WAN |
| 942 ## - ADDED ENTRY ELEMENTS (KOHA) | |
| Koha item type | Books |
| 700 ## - ADDED ENTRY--PERSONAL NAME | |
| Personal name | වෙත්තසිංහ, සිබිල් |
| Relator Term | illustrator |
| Personal name (Transliterated) | Weththasinghe, Sybil |
| 245 ## - TITLE STATEMENT | |
| Title | 21 වන සියවස කරා ඉදිරියට : |
| Remainder of title | බීජිං වැඩ සටහන ක්රියාත්මක කිරීමේ අත්පොතක් |
| 246 ## - VARYING FORM OF TITLE | |
| Title proper/short title | 21 Wana siyawasa kara idiriyata : Beejin wadasatahana kriyathmaka kireeme athpothak |
| 260 ## - PUBLICATION, DISTRIBUTION, ETC. (IMPRINT) | |
| Place of publication, distribution, etc. | කොළඹ : |
| Name of publisher, distributor, etc. | ශ්රී ලංකා රාජ්ය නොවන කාන්තා සංවිධාන එකමුතුව |
| Date of publication, distribution, etc. | 1997 |
| Withdrawn status | Lost status | Damaged status | Not for loan | Permanent Location | Current Location | Date acquired | Full call number | Barcode | Koha item type |
|---|---|---|---|---|---|---|---|---|---|
| Resource center, Muslim Women's Research And Action Forum | Resource center, Muslim Women's Research And Action Forum | 2023-12-14 | 305.42 WAN | RAF4850 | Books | ||||
| Resource center, Muslim Women's Research And Action Forum | Resource center, Muslim Women's Research And Action Forum | 2023-12-14 | 305.42 WAN | RAF4851 | Books |

